000
00318nam a2200133Ia 4500
008
211109s9999||||xx |||||||||||||| ||und||
082
_a
ae
_b
PAD-U
100
_a
Padmarajan, P
245
0
_a
Udakapola
260
_b
NATIONAL BOOKSTALL
_a
Kottayam
_c
1980
630
_x
General Stack
650
_v
Generalia
942
_c
BOOK
999
_c
83077
_d
83077